000 03351nam a22002657a 4500
003 Uzh_bibl
008 251210b |||||||| |||| 00| 0 ukr d
020 _a978-617-8387-68-6
_c195.96
040 _bукр.
041 _2ukr
_aukr
080 _a94(477)
090 _a94(477)
_bП 91
100 _aПуляєва,Альона
245 _aІсторія України.Путівник для найменших
_cмал.Д.Пістрюга
_hТекст
260 _aХарків
_bАССА
_c2025
300 _a32 с.
_bіл.
_fВ опр.
490 _aСерія"Читай та відкривай"
520 _aМандрівка в минуле України для найменших читачів! Як утворилася планета Земля? Хто мешкав на теренах нашої країни мільйони років тому? Звідки походять українці та як вони будували свою державу? На ці та безліч інших запитань дає відповіді книжка «Історія України. Путівник для найменших». Наче машина часу, кожен з її розгортів переносить маленьких читачів у давнину. І крок за кроком знайомить із різними періодами історії нашої Батьківщини! Книга містить розділи: Що таке історія? Як усе почалося? Перші люди на українських землях Хто жив на українських землях у давні часи? Хто такі слов’яни? Як утворилася Русь-Україна? Русь-Україна — могутня середньовічна держава Королівство Руське Русько-Литовська доба Звідки взялися козаки? Українська козацька держава Україна у складі двох імперій Українські землі у 20 столітті Відновлення незалежності Лінія часу України Чому варто прочитати: Книга «Історія України. Путівник для найменших» створена для знайомства дитини з історією її Батьківщини. Видання містить доступні та прості тексти, завдяки яким у дітлахів формується цілісне уявлення про минуле нашої держави; яскраві, історично точні ілюстрації, які занурюють маленьких читачів у різні епохи; зручний великий формат, що дає змогу роздивитися кожну деталь.
521 _aДля дітей молодшого та середнього шкільного віку
546 _aукр.
650 _aЛітературно-художне видання
653 _aМинуле України
_aУкраїнський народ
655 _aітература для навчання та розвитку
942 _2udc
_cBK
999 _c16322
_d16322